Types of Human Teeth (with an SVG image) - Statistics

General Stats
  • This quiz has been taken 1,229 times
  • The average score is 5 of 7
Answers on the Map
Answers color-coded by a green-red scale on the quiz's map according to % correct below.
 
Answer Stats
Tooth Part % Correct
Molar
94%
Canine (Cuspid)
89%
Central Incisor
64%
Lateral Incisor
64%
Premolar (Bicuspid)
64%
Mandibular
41%
Maxillary
35%
No matching quizzes found
Score Distribution
Percent of People with Each Score
Percentile by Number Answered
Your Score History
You have not taken this quiz